000 00316nam a22001337a 4500
008 181205b xxu||||| |||| 00| 0 eng d
020 _a9780892625512
041 _aeng
080 _22nd
_a610
100 _a4
101 _aSHM
245 _aIntroduction to Clinical Allied Healthcare
_cStevens,K
942 _2udc
_cBK
999 _c52892
_d52892